Electric wiring
| Main Author: | |
|---|---|
| Format: | Book |
| Language: | English |
| Published: |
Kolkata :
New Central Book Agency ,
1996
|
| Subjects: |
MARC
| LEADER | 00000cam a2200000 7i4500 | ||
|---|---|---|---|
| 001 | 0000023895 | ||
| 005 | 20111115.0 | ||
| 008 | 111114s ii a eng | ||
| 020 | |a 8173812012 , |c RM134.00 | ||
| 040 | |a INS | ||
| 090 | 0 | 0 | |a TK3201 |b S36 1996 |
| 100 | 1 | |a Samaddar, Sudhansu | |
| 245 | 1 | 0 | |a Electric wiring |c Sudhansu Samaddar |
| 260 | |a Kolkata : |b New Central Book Agency , |c 1996 | ||
| 300 | |a v, 425p. : |b ill. ; |c 24cm. | ||
| 500 | |a Includes index | ||
| 650 | 0 | |a Electric wiring | |
| 999 | |a 1000000443 |b BOOK |c Open Shelf |e Default branch | ||
| 999 | |a 1000000888 |b BOOK |c Open Shelf |e Default branch | ||